Bài giảng cơ sở dữ liệu

Guardado en:
Detalles Bibliográficos
Autor principal: Nguyễn, Thị Mỹ Dung (Chủ biên)
Otros Autores: Nguyễn, Thị Thanh Thảo
Formato: Libro
Publicado: Đồng Tháp 2017
Materias:
Etiquetas: Agregar Etiqueta
Sin Etiquetas, Sea el primero en etiquetar este registro!
Thư viện lưu trữ: Trung tâm Học liệu Lê Vũ Hùng, Trường Đại học Đồng Tháp
LEADER 00904pam a22002298a 4500
001 00041778
005 20180730160737.0
008 110421s1995 ||||||Viesd
041 0 # |a Vie 
082 1 4 |a 005.74  |b B103GI 
100 1 # |e Chủ biên  |a Nguyễn, Thị Mỹ Dung 
245 0 0 |a Bài giảng cơ sở dữ liệu  |c Nguyễn Thị Mỹ Dung (ch.b); Nguyễn Thị Thanh Thảo 
260 # # |a Đồng Tháp  |c 2017 
300 # # |a 119 tr.  |c 29 cm. 
500 # # |a ĐTTS ghi: Trường Đại học Đồng Tháp. Khao sư phạm Toán - TIn 
653 # # |a Bài giảng 
653 # # |a Cơ sở dữ liệu 
653 # # |a Tin học 
700 1 # |a Nguyễn, Thị Thanh Thảo 
852 # # |j KD.0024510  |j KGT.0054482  |j KGT.0054484  |j KGT.0054486  |j KGT.0054485  |j KGT.0054483 
910 |d 30/07/2018 
980 # # |a Trung tâm Học liệu Lê Vũ Hùng, Trường Đại học Đồng Tháp